| 000 | 00583nam a22001937a 4500 | ||
|---|---|---|---|
| 999 |
_c5752 _d5752 |
||
| 003 | GBCCL | ||
| 005 | 20241126110549.0 | ||
| 008 | 180405b ||||| |||| 00| 0 eng d | ||
| 020 | _a0570098297 | ||
| 040 | _cgbc | ||
| 082 |
_a238.41 _bAUG |
||
| 245 |
_aAugsburg Today: _bThis we believe, teach and confess / _cEdited by David L. Mahsman |
||
| 260 |
_aSt. Louis: _bConcordia Publishing House, _c1997 |
||
| 300 |
_a119 p.; _c23 cm. |
||
| 650 |
_aAugsburg confession _910387 |
||
| 650 |
_aLutheran Church _vCreeds _910388 |
||
| 650 |
_aLutheran Church _vDoctrine _910389 |
||
| 942 |
_2ddc _cBK |
||